Το τέλος του δρόμου : μυθιστόρημα
Αποθηκεύτηκε σε:
| Κύριος συγγραφέας: | |
|---|---|
| Άλλοι συγγραφείς: | |
| Μορφή: | Βιβλίο |
| Γλώσσα: | Greek English |
| Δημοσίευση: |
Αθήνα :
Πόλις,
2001.
|
| Θέματα: | |
| Ετικέτες: |
Προσθήκη ετικέτας
Δεν υπάρχουν, Καταχωρήστε ετικέτα πρώτοι!
|
MARC
| LEADER | 00000cam a2200000 i 4500 | ||
|---|---|---|---|
| 001 | 1/59774 | ||
| 008 | 040901s2001 gr | ||| |||| ||gre|| | ||
| 020 | |a 9608132258 | ||
| 035 | |l 10074178 | ||
| 040 | |a GR-MyUA |b gre |e AACR2 | ||
| 041 | 1 | |a gre |h eng | |
| 082 | 0 | |a 813 | |
| 100 | 1 | |a Barth, John, |d 1930- | |
| 245 | 1 | 3 | |a Το τέλος του δρόμου : |b μυθιστόρημα / |c Τζών Μπάρθ ; μετάφραση Χίλντα Παπαδημητρίου ; επιμέλεια Δήμητρα Τουλάτου. |
| 260 | |a Αθήνα : |b Πόλις, |c 2001. | ||
| 300 | |a 253 σ. ; |c 21 εκ. | ||
| 500 | |a Τίτλος πρωτοτύπου: The end of the road. | ||
| 650 | 0 | 0 | |a American fiction. |
| 700 | 1 | |a Παπαδημητρίου, Χίλντα, |d 1957- |e trlf | |
| 852 | |a INST |b SAMOS |e 20040901 |h 813 BAR |p 005300023262 |q 005300023262 |t BK |y 0 | ||
| 901 | |a BIBL3-2004-3 | ||
| 909 | |a Σ |b 107406 | ||
| 922 | |a 3ΕΛΗ |b 200406 |c ΕΠΕΑΕΚ/ΤΜΠΕΣ |d LEADER | ||
| 970 | |a ΚΟΣΙΕΡΗΣ |b ΧΡΗΣΤΟΣ |z 2004/09/01 | ||